000
00176 a2200097 4500
020
_a
9780531261200
041
_a
spa
100
_a
Margaret, mary
245
_a
Zas
942
_c
BK
999
_c
11179
_d
11179